000 00317nam a22001457a 4500
008 221216b ||||| |||| 00| 0 eng d
020 _a9780803614826
041 _aeng
080 _210edition
_a610.73
082 _a610.73DOE
100 _a7
101 _aINF
245 _aNURSE'S POCKET GUIDE
942 _2udc
_cBK
999 _c59195
_d59195